LEADER 00990nam a2200241 i 4500 001 000000239359 003 CaOOAMICUS 005 20150226000000.0 008 150226s1967 it u000 u ita u 013 $a218264 040 $aSeMil$bita 100 1 $aOnofri, Fabrizio.$0(OLS)http://semarc/name/35094 245 10$aPotere e strutture sociali nella società industriale di massa /$cFabrizio Onofri. 260 $aMilano :$bEtas Kompass,$ccopyr. 1967. 300 $a243 p. ;$c22 cm. 490 0 $aUomo/Società ;$v5 500 $aContiene : Nota bibliografica. 650 4$aPotere - Saggi.$0(OLS)http://semarc/subject/14091 830 0$aUomo/Società ;$v5.$0(OLS)http://semarc/title/42407 850 $aSeMil 852 $aSeMil$W1$xVenegono$y1$m3N II 185$j189705$B189705$CSeMilBibl$Z2$F200510 $81 996 $6245$aPotere e strutture sociali nella società industriale di massa$9(OLS)http://semarc/title/340823 996 $6260$aMilano :$bEtas Kompass$9(OLS)http://semarc/publisher/33691 LEADER 00942nam a2200205 i 4500 001 000000063949 003 CaOOAMICUS 005 20041005000000.0 008 041005s1988 it u000 u ita u 013 $a35121 040 $aSeMil$bita 245 13$aLa nuova area presbiterale :$bCattedrale di Verona, 1987. - stampa 1988 ([Verona] : Seven) 260 $a[S.l. :$bs.n.],$cstampa 1988$e([Verona] :$fSeven,$gstampa 1988) 300 $a52 p. :$briccamente ill. ;$c22x22 cm. 650 4$aVerona - Chiese - Cattedrale di Santa Maria Assunta (Duomo).$0(OLS)http://semarc/subject/12512 850 $aSeMil 852 $aSeMil$W1$xVenegono$y1$m5H XVI 117$j30102$B30102$CSeMilBibl$Z2$F30105 $81 961 $aOmaggio: Rimoldi mons. Antonio 996 $6245$aLa nuova area presbiterale :$bCattedrale di Verona, 1987. - stampa 1988 ([Verona] : Seven)$9(OLS)http://semarc/title/101100 996 $6260$a[S.l. :$bs.n.]$9(OLS)http://semarc/publisher/29751